Rozmanité podoby vzniku státnosti : XXIII. letní škola historie : sborník přednášek /

Korporativní autor: Univerzita Karlova. Ústav profesního rozvoje pracovníků ve školství
Další autoři: Kohnová, Jana, 1942-, Holubová, Barbora, 1977-, Letní škola historie (seminář)
Jazyk: Čeština
Vydáno: Praha : Vydavatelství Pedagogické fakulty - Univerzity Karlovy v Praze, 2011
Témata:
Fyzický popis: 102 s. ; 22 cm
Knihy
Uloženo v:
LEADER 02413nam a2200613 a 4500
001 nkc20112201684
003 CZ PrNK
005 20110912100610.0
007 ta
008 110714s2011 xr e 100 0 cze
015 |a cnb002201684 
020 |a 978-80-7290-506-5  |q (brož.)  |z 978-80-6790-506-5 
035 |a (OCoLC)757677562 
040 |a BOA001  |b cze  |d ABA001 
072 7 |a 94(100)  |x Světové dějiny  |2 Konspekt  |9 8 
080 |a 321.01  |2 MRF 
080 |a 323.1:316.347  |2 MRF 
080 |a 316.347  |2 MRF 
080 |a 316.72/.75  |2 MRF 
080 |a 94(100)  |2 MRF 
080 |a (042.3)  |2 MRF 
080 |a (062.552)  |2 MRF 
245 0 0 |a Rozmanité podoby vzniku státnosti :  |b XXIII. letní škola historie : sborník přednášek /  |c [Jana Kohnová, Barbora Holubová, editorky] 
246 3 0 |a 23. letní škola historie 
246 3 0 |a XXIII. letní škola historie 
246 3 0 |a Letní škola historie 
260 |a Praha :  |b Vydavatelství Pedagogické fakulty - Univerzity Karlovy v Praze,  |c 2011 
300 |a 102 s. ;  |c 22 cm 
500 |a V prelimináriích: Univerzita Karlova v Praze, Pedagogická fakulta, Ústav profesního rozvoje pracovníků ve školství 
504 |a Obsahuje bibliografie a bibliografické odkazy 
650 0 7 |a stát  |7 ph126176  |2 czenas 
650 0 7 |a státověda  |7 ph116312  |2 czenas 
650 0 7 |a národ (kategorie)  |7 ph123422  |2 czenas 
650 0 7 |a multikulturalismus  |7 ph123036  |2 czenas 
650 0 7 |a světové dějiny  |7 ph117271  |2 czenas 
650 0 9 |a State, The  |2 eczenas 
650 0 9 |a theory of the state  |2 eczenas 
650 0 9 |a nation  |2 eczenas 
650 0 9 |a multiculturalism  |2 eczenas 
650 0 9 |a world history  |2 eczenas 
655 7 |a přednášky  |7 fd133199  |2 czenas 
655 7 |a sborníky  |7 fd724344  |2 czenas 
655 9 |a lectures  |2 eczenas 
655 9 |a papers  |2 eczenas 
700 1 |a Kohnová, Jana,  |d 1942-  |7 ola2004253689  |4 edt 
700 1 |a Holubová, Barbora,  |d 1977-  |7 mzk2011651652  |4 edt 
710 2 |a Univerzita Karlova.  |b Ústav profesního rozvoje pracovníků ve školství  |7 kn20030828006 
711 2 |a Letní škola historie (seminář)  |n (23. :  |d 2010 :  |c Praha, Česko)  |7 mzk2011651659 
910 2 |a BOA001  |b 2-1269.845 
928 9 |a Univerzita Karlova, Pedagogická fakulta 
990 |a BK 
995 |a 01 
991 |b 201107  |c NOV  |e n 
996 6 |b 2610484374  |c 2-1269.845  |l MZK  |r Sklad / do 1 hodiny  |n 4  |p p.v.  |w 001192396  |u 000010  |a 1  |e BOA001  |j MZK50  |s P